[Event "IECC CL6-1999.02"]
[Site "IECC email"]
[Date "1998.11.28"]
[Round "?"]
[White "Henoch, Mark"]
[Black "Wylie, Richard"]
[Result "1-0"]
[WhiteElo "1309"]
[BlackElo "1179"]
[PlyCount "89"]
[EventDate "1999.??.??"]
[EventType "tourn (corr)"]
[EventRounds "4"]
[SourceTitle "Corr 2008"]
[Source "ChessBase"]
[SourceDate "2008.06.24"]
[SourceVersion "1"]
[SourceVersionDate "2008.06.24"]
[SourceQuality "1"]

1. e4 e5 2. Nf3 d5 3. exd5 Qxd5 4. Nc3 Qe6 5. Bb5+ c6 6. Ba4 Qg6 7. Rg1 e4 8. Qe2 Nf6 9. d3 Be7 10. dxe4 Bb4 11. e5 Ne4 12. Bd2 Nc5 13. Bb3 Nxb3 14. cxb3 Qc2 15. Na4 Be7 16. Rc1 Qg6 17. Nd4 b5 18. Nxb5 cxb5 19. Rxc8+ Kd7 20. Rxh8 Qb1+ 21. Qd1 Qxd1+ 22. Kxd1 bxa4 23. bxa4 Bd8 24. Rxh7 Nc6 25. f4 Bb6 26. Re1 Rg8 27. h4 Nd4 28. Be3 Ke6 29. g4 Rd8 30. Bxd4 Rxd4+ 31. Kc2 Rxf4 32. Rxg7 Bf2 33. Rh1 f5 34. gxf5+ Rxf5 35. h5 Bd4 36. h6 Bxe5 37. Rxa7 Rf2+ 38. Kd3 Rxb2 39. h7 Rb8 40. Rh6+ Kf5 41. Rh5+ Ke6 42. Rxe5+ Kxe5 43. Rg7 Rh8 44. a5 Kd6 45. a6 1-0